| 000 | 00572cab a2200181 4500 | ||
|---|---|---|---|
| 001 | WB2237-40 | ||
| 008 | 090401t1986 xxu||||| |||| 00| 0 eng d | ||
| 035 | _a(Sirsi) u69899 | ||
| 041 | _aeng | ||
| 245 | _aDensity estimates questioned | ||
| 260 | _c1986 | ||
| 350 | _a0 | ||
| 490 |
_aPlanning (for the Natural and Built Environment) _vno 685, 12/9/86 p3 |
||
| 520 | _aIn a recent paper, Debenham Tewson and Chinnocks questions the use of employment density estimates as a planning tool. | ||
| 690 | _aPLANNING LAW AND PRACTICE | ||
| 942 | _n0 | ||
| 948 | _c04/03/1997 | ||
| 999 |
_c43954 _d43954 |
||